Legendary And Mythical Pokémon Quiz - Statistics

General Stats
  • This quiz has been taken 145 times
  • The average score is 17 of 24
Answer Stats
Hint Pokémon % Correct
(M) Ancestor,New Species Mew
91%
(L) Legendary Birds,Ice Articuno
87%
(L) Clone,Team Rocket Mewtwo
84%
(M) Nightmare,Gen 4 Darkrai
79%
(L) Sky High,Emerald Rayquaza
75%
(L) Lake Guardians,Knowledge Uxie
75%
(M) Time Travel Celebi
74%
(M) Space,DNA,Forms Deoxys
74%
(L) Time,Creation Trio Dialga
74%
(M) Wishmaker Jirachi
73%
(M) Ghost-Fighing,Shadow Marshadow
73%
(M) Steam,Water-Fire Volcanion
73%
(M) Victory Victini
71%
(L) Legendary Beasts,Water Suicune
69%
(L) Sword, Gen 8 Zacian
69%
(M) Alpha,Normal Arceus
66%
(L) Legendary Titans,Master Regigigas
65%
(L) Destruction,Y Yveltal
65%
(L) Moon Psychic-Ghost Lunala
62%
(M) Rogue Monkey,Dark-Grass Zarude
62%
(L) Renegade,Platinum Giratina
61%
(M) Bug,Plasma,Fossil Genesect
59%
(L) Balance,Gen 5 Kyurem
52%
(M) Thunderclap,Gen 7 Zeraora
48%
No matching quizzes found
Score Distribution
Percent of People with Each Score
Percentile by Number Answered
Your Score History
You have not taken this quiz